<?xml version="1.0" encoding="UTF-8"?>
<marc:record xmlns:marc="http://www.loc.gov/MARC21/slim">
   <marc:leader>00000nam a2200000 a 4500</marc:leader>
   <marc:datafield ind1="1" ind2=" " tag="100">
      <marc:subfield code="a">Scheffler, Axel</marc:subfield>
      <marc:subfield code="4">aut</marc:subfield>
      <marc:subfield code="e">Verfasser/-in</marc:subfield>
   </marc:datafield>
   <marc:datafield ind1="0" ind2="0" tag="245">
      <marc:subfield code="a">Der Hund und der Hühnerdieb</marc:subfield>
   </marc:datafield>
   <marc:datafield ind1="0" ind2="0" tag="245">
      <marc:subfield code="c">Axel Scheffler</marc:subfield>
   </marc:datafield>
   <marc:datafield ind1=" " ind2="1" tag="264">
      <marc:subfield code="a">Weinheim [u.a.]</marc:subfield>
      <marc:subfield code="b">Beltz u. Gelberg</marc:subfield>
      <marc:subfield code="c">2020</marc:subfield>
   </marc:datafield>
   <marc:datafield ind1="1" ind2=" " tag="520">
      <marc:subfield code="a">Schon wieder hat sich der Fuchs ein Huhn geholt. Der Hund legt sich in der Nacht auf die Lauer &#x96; vergeblich. Und so will er sich Hilfe suchen. Doch das Schwein schläft ein, das Schaf hat viel zu viel Angst. Da ist es der Bauer leid und er bittet die Katze um Hilfe. Listig wie sie ist, verspricht sie den Mäusen: »Helft ihr mir, so werde ich euch nie wieder fressen!« Und Mäuse, das wissen wir, sind schlau und zusammen sehr stark. Wer könnte solch ein Märchen charmanter zeichnen als Axel Scheffler, der Illustrator des Grüffelo?</marc:subfield>
   </marc:datafield>
   <marc:datafield ind1=" " ind2=" " tag="020">
      <marc:subfield code="a">9783407758156</marc:subfield>
      <marc:subfield code="9">9783407758156</marc:subfield>
   </marc:datafield>
   <marc:datafield ind1=" " ind2=" " tag="020">
      <marc:subfield code="a">3407758154</marc:subfield>
      <marc:subfield code="9">3407758154</marc:subfield>
   </marc:datafield>
   <marc:datafield ind1=" " ind2=" " tag="500">
      <marc:subfield code="a">Aus dem franz. übers.</marc:subfield>
   </marc:datafield>
   <marc:datafield ind1=" " ind2=" " tag="300">
      <marc:subfield code="a">[14 Bl.: ill.]</marc:subfield>
   </marc:datafield>
</marc:record>
